| Tag |
First Indicator |
Second Indicator |
Subfields |
| LEADER |
00000cam a2200000 a 4500 |
| 001 |
in00001069326 |
| 005 |
20150929093032.0 |
| 008 |
850118s1984 txu s00100 eng d |
| 035 |
|
|
|a (OCoLC)11595901
|
| 035 |
|
|
|9 AFM7732AM
|
| 040 |
|
|
|a IKM
|c IKM
|d UtOrBLW
|
| 049 |
|
|
|a IKMd
|
| 086 |
|
|
|a P3500.5 D833pro 1984
|2 txdocs
|
| 099 |
|
9 |
|a P3500.5
|a D833pro
|a 1984
|
| 245 |
0 |
0 |
|a Driving procedures :
|b a resource guide for driver education teachers.
|
| 264 |
|
1 |
|a [Austin] :
|b Texas Dept. of Public Safety,
|c 1984.
|
| 300 |
|
|
|a vi, 86 pages ;
|c 28 cm.
|
| 336 |
|
|
|a text
|b txt
|2 rdacontent
|
| 337 |
|
|
|a unmediated
|b n
|2 rdamedia
|
| 338 |
|
|
|a volume
|b nc
|2 rdacarrier
|
| 500 |
|
|
|a Cover title.
|
| 500 |
|
|
|a Includes index.
|
| 650 |
|
0 |
|a Automobile driving.
|
| 650 |
|
0 |
|a Traffic safety.
|
| 710 |
1 |
|
|a Texas.
|b Department of Public Safety.
|
| 999 |
|
|
|a MARS
|
| 999 |
f |
f |
|s 059afc2d-8496-3a20-ad04-bb03d773d3e1
|i e0f6f24a-d452-3eab-bfcd-73279120c3e7
|t 0
|
| 952 |
f |
f |
|p normal
|a Texas A&M University
|b College Station
|c Sterling C. Evans Library
|d Evans: Texas Documents (Annex 5th floor)
|t 0
|e P3500.5 D833pro 1984
|h Superintendent of Documents classification
|i unmediated -- volume
|m A14814242077
|
| 998 |
f |
f |
|a P3500.5 D833pro 1984
|t 0
|l Evans: Texas Documents (Annex 5th floor)
|